<?xml version="1.0" encoding="UTF-8"?>
<record
    xmlns:xsi="http://www.w3.org/2001/XMLSchema-instance"
    xsi:schemaLocation="http://www.loc.gov/MARC21/slim http://www.loc.gov/standards/marcxml/schema/MARC21slim.xsd"
    xmlns="http://www.loc.gov/MARC21/slim">

  <leader>02364aam a2200361 a 4500</leader>
  <controlfield tag="003">AR-BeUNQ</controlfield>
  <controlfield tag="005">20241122123932.0</controlfield>
  <controlfield tag="007">ta</controlfield>
  <controlfield tag="008">241122s2013    ag co  gr    f001 0 spa  </controlfield>
  <datafield tag="015" ind1=" " ind2=" ">
    <subfield code="a">AR-2013</subfield>
  </datafield>
  <datafield tag="020" ind1=" " ind2=" ">
    <subfield code="a">9789871741625</subfield>
  </datafield>
  <datafield tag="040" ind1=" " ind2=" ">
    <subfield code="a">AR-BaBN</subfield>
    <subfield code="b">spa</subfield>
    <subfield code="c">AR-BaBN</subfield>
    <subfield code="e">aacr</subfield>
    <subfield code="d">AR-BeUNQ</subfield>
  </datafield>
  <datafield tag="043" ind1=" " ind2=" ">
    <subfield code="a">s-ag---</subfield>
  </datafield>
  <datafield tag="044" ind1=" " ind2=" ">
    <subfield code="a">ag</subfield>
    <subfield code="c">ar-c</subfield>
  </datafield>
  <datafield tag="082" ind1="0" ind2="4">
    <subfield code="a">982.023</subfield>
    <subfield code="2">21</subfield>
  </datafield>
  <datafield tag="100" ind1="1" ind2=" ">
    <subfield code="a">Salas, Alberto Mario,</subfield>
    <subfield code="d">1915-1995</subfield>
  </datafield>
  <datafield tag="245" ind1="1" ind2="0">
    <subfield code="a">Cr&#xF3;nica y diario de Buenos Aires :</subfield>
    <subfield code="b">1806-1807.</subfield>
    <subfield code="p">Tomo</subfield>
    <subfield code="n">I /</subfield>
    <subfield code="c">Alberto Mario Salas.</subfield>
  </datafield>
  <datafield tag="260" ind1=" " ind2=" ">
    <subfield code="a">Buenos Aires :</subfield>
    <subfield code="b">Biblioteca Nacional,</subfield>
    <subfield code="c">2013.</subfield>
  </datafield>
  <datafield tag="300" ind1=" " ind2=" ">
    <subfield code="a">509 p. :</subfield>
    <subfield code="b">fot., retrs. ;</subfield>
    <subfield code="c">28 cm.</subfield>
  </datafield>
  <datafield tag="490" ind1="1" ind2=" ">
    <subfield code="a">Reediciones &amp; Antolog&#xED;as</subfield>
    <subfield code="v">25</subfield>
  </datafield>
  <datafield tag="500" ind1=" " ind2=" ">
    <subfield code="a">Pr&#xF3;logos de Horacio Gonz&#xE1;lez, Jos&#xE9; Luis Moure y Carolina Livingston.</subfield>
  </datafield>
  <datafield tag="520" ind1="3" ind2=" ">
    <subfield code="a">La obra emprendida por Alberto Salas posee una absoluta singularidad, pues toma los sucesos de las invasiones inglesas de 1806 y 1807 en su radical cotidianeidad, d&#xED;a a d&#xED;a, a la manera de un cronista contempor&#xE1;neo a los hechos. Es sin duda, una historia de la vida cotidiana y de la vida privada en medio de los resonantes acontecimientos &#xE9;picos que enfrentan a los pobladores de una ciudad con los movimientos de una fuerza invasora. La Cr&#xF3;nica y diario de Buenos Aires puede leerse de varias maneras. Por los a&#xF1;os y el lugar en que se desarrollan los acontecimientos narrados, la obra tiene como coraz&#xF3;n la primera y segunda invasi&#xF3;n inglesa al virreinato del R&#xED;o de la Plata. Pero este libro puede leerse tambi&#xE9;n como una historia de la vida en Buenos Aires hace dos siglos, porque abarca el transcurrir de esta ciudad en tiempos de paz antes y despu&#xE9;s de la guerra. En esta cr&#xF3;nica la historia es pol&#xED;tica, militar y econ&#xF3;mica, pero tambi&#xE9;n religiosa, social y cultural. Es una muestra de la vida en Buenos Aires en los albores del siglo XIX.</subfield>
    <subfield code="c">(Descripci&#xF3;n del editor).</subfield>
  </datafield>
  <datafield tag="650" ind1=" " ind2="4">
    <subfield code="a">Vida cotidiana</subfield>
    <subfield code="2">unescot</subfield>
  </datafield>
  <datafield tag="650" ind1=" " ind2="7">
    <subfield code="a">Historia argentina</subfield>
    <subfield code="2">tha</subfield>
  </datafield>
  <datafield tag="650" ind1=" " ind2="7">
    <subfield code="a">Cr&#xF3;nicas</subfield>
    <subfield code="2">ttll</subfield>
  </datafield>
  <datafield tag="700" ind1="1" ind2=" ">
    <subfield code="a">Gonz&#xE1;lez, Horacio,</subfield>
    <subfield code="d">1944-2021</subfield>
    <subfield code="e">pr&#xF3;l.</subfield>
    <subfield code="4">aui</subfield>
  </datafield>
  <datafield tag="700" ind1="1" ind2=" ">
    <subfield code="a">Livingston, Carolina</subfield>
    <subfield code="e">pr&#xF3;l.</subfield>
    <subfield code="4">aui</subfield>
  </datafield>
  <datafield tag="700" ind1="1" ind2=" ">
    <subfield code="a">Moure, Jos&#xE9; Luis,</subfield>
    <subfield code="d">1949-</subfield>
    <subfield code="e">pr&#xF3;l.</subfield>
    <subfield code="4">aui</subfield>
  </datafield>
  <datafield tag="830" ind1=" " ind2="0">
    <subfield code="a">Reediciones y antolog&#xED;as (Biblioteca Nacional Mariano Moreno)</subfield>
    <subfield code="v">25</subfield>
  </datafield>
  <datafield tag="929" ind1=" " ind2=" ">
    <subfield code="a">DONACION</subfield>
    <subfield code="b">Biblioteca Nacional Mariano Moreno</subfield>
    <subfield code="d">0</subfield>
    <subfield code="e">2022</subfield>
    <subfield code="f">PAT0082284</subfield>
    <subfield code="h">1</subfield>
    <subfield code="j">61533</subfield>
  </datafield>
  <datafield tag="942" ind1=" " ind2=" ">
    <subfield code="c">LIB</subfield>
  </datafield>
  <datafield tag="999" ind1=" " ind2=" ">
    <subfield code="c">1097</subfield>
    <subfield code="d">1097</subfield>
  </datafield>
  <datafield tag="952" ind1=" " ind2=" ">
    <subfield code="0">0</subfield>
    <subfield code="1">0</subfield>
    <subfield code="a">BIBESET</subfield>
    <subfield code="b">BIBESET</subfield>
    <subfield code="c">circulacion</subfield>
    <subfield code="d">2024-11-22</subfield>
    <subfield code="l">0</subfield>
    <subfield code="o">982.06 SAL</subfield>
    <subfield code="p">61533</subfield>
    <subfield code="r">2024-11-22</subfield>
    <subfield code="t">1</subfield>
    <subfield code="w">2024-11-22</subfield>
    <subfield code="y">LIB</subfield>
  </datafield>
</record>
